Stories of pirates / (Record no. 21676)

MARC details
000 -LEADER
fixed length control field 01371nam a2200301u 4500
005 - DATE AND TIME OF LATEST TRANSACTION
control field 00000000000000.0
008 - FIXED-LENGTH DATA ELEMENTS--GENERAL INFORMATION
fixed length control field 810522s1962 nyua j 00| 1 eng
010 ## - LCCN (DPL NO)
LC control number B-357825
020 ## - INTERNATIONAL STANDARD BOOK NUMBER
International Standard Book Number 9780746057711
Terms of availability 65.00
020 ## - INTERNATIONAL STANDARD BOOK NUMBER
International Standard Book Number 0746057717
Terms of availability 65.00
035 ## - SYSTEM CONTROL NUMBER
System control number B-357825
035 ## - SYSTEM CONTROL NUMBER
System control number B-345586
037 ## - SOURCE OF ACQUISITION
Source of stock number/acquisition Tarun Books
040 ## - CATALOGING SOURCE
Original cataloging agency dpl
Language of cataloging English
082 ## - DEWEY DECIMAL CLASSIFICATION NUMBER
Classification number S
100 ## - MAIN ENTRY--PERSONAL NAME
Personal name Punter, Russell
245 ## - TITLE STATEMENT
Title Stories of pirates /
Statement of responsibility, etc by Russell Punter; illustrated by Christyan Fox
260 ## - PUBLICATION, DISTRIBUTION, ETC. (IMPRINT)
Place of publication, distribution, etc London
Name of publisher, distributor, etc Usborne Publishing
Date of publication, distribution, etc 2004
270 ## - ADDRESS
Address Usborne House, 83-85 Saffron Hill
City London
Postal code EC1N 8RT
300 ## - PHYSICAL DESCRIPTION
Extent 48p. :
Other physical details ill.
Dimensions 20cm(pbk)
490 ## - SERIES STATEMENT
Series statement Usborne young reading; edited by Lesley Sims
Volume number/sequential designation series one
700 ## - ADDED ENTRY--PERSONAL NAME
Personal name Fox, Christyan
942 ## - ADDED ENTRY ELEMENTS (KOHA)
Source of classification or shelving scheme Dewey Decimal Classification
Item type Children Books
Classification part S
Call number suffix PUN
Holdings
Withdrawn status Lost status Source of classification or shelving scheme Damaged status Not for loan Collection code Home library Current library Date acquired Source of acquisition Cost, normal purchase price Total Checkouts Full call number Barcode Date last seen Copy number Cost, replacement price Koha item type
    Dewey Decimal Classification     Fiction Central Library Central Library 21/10/2009 Tarun Books/3947/21.5.09/13/23.4.09/4.7.09 65.00   S PUN B-345586 21/10/2009 1 65.00 Children Books
    Dewey Decimal Classification     Fiction Janak Puri Janak Puri 22/09/2009 Tarun Books/4121/9.9.09/89/2.9.09/11.9.09 65.00 24 S PUN B-357825 16/07/2011 1 65.00 Children Books

© Delhi Public Library
Hit Counter
free hit counter